|
|
|
|
| LEADER |
00000naa0a2200000 4500 |
| 001 |
640832 |
| 005 |
20250311094416.0 |
| 035 |
|
|
|a (RuTPU)RU\TPU\network\5491
|
| 035 |
|
|
|a RU\TPU\network\4828
|
| 090 |
|
|
|a 640832
|
| 100 |
|
|
|a 20150427d2005 k||y0rusy50 ca
|
| 101 |
0 |
|
|a rus
|
| 102 |
|
|
|a RU
|
| 135 |
|
|
|a drcn ---uucaa
|
| 181 |
|
0 |
|a i
|
| 182 |
|
0 |
|a b
|
| 200 |
1 |
|
|a Determination of information amount in the joint filtering and interpolation problem of stochastic processes by continuous-discrete memory observations
|f N. S. Dyomin , S. V. Rozhkova
|
| 203 |
|
|
|a Текст
|c электронный
|
| 300 |
|
|
|a Title screen
|
| 320 |
|
|
|a [References: p. 343 (7 tit.)]
|
| 330 |
|
|
|a This paper considers the problem of the finding of Shannon information amount in the joint filtering and interpolation problem of the stochastic processes by continuous-discrete time memory observations. The relations defining time evolution of Shannon information amount are obtained.
|
| 463 |
|
|
|t Probability Theory, Random Process, Mathematical Statistics and Application
|v [P. 335-343]
|o Proceedings of the International Conference, Minsk, February 21-25, 2005
|d 2005
|
| 610 |
1 |
|
|a электронный ресурс
|
| 610 |
1 |
|
|a труды учёных ТПУ
|
| 700 |
|
1 |
|a Dyomin
|b N. S.
|g Nikolas S.
|
| 701 |
|
1 |
|a Rozhkova
|b S. V.
|c mathematician
|c Professor of Tomsk Polytechnic University, Doctor of Physical and Mathematical Sciences
|f 1971-
|g Svetlana Vladimirovna
|3 (RuTPU)RU\TPU\pers\34139
|9 17679
|
| 712 |
0 |
2 |
|a Национальный исследовательский Томский политехнический университет (ТПУ)
|b Физико-технический институт (ФТИ)
|b Кафедра высшей математики (ВМ)
|3 (RuTPU)RU\TPU\col\18728
|
| 801 |
|
2 |
|a RU
|b 63413507
|c 20150427
|g RCR
|
| 856 |
4 |
|
|u http://elib.bsu.by/bitstream/123456789/55005/1/49.pdf
|
| 942 |
|
|
|c CF
|